|
|
|
|
| LEADER |
01069nam a22002537a 4500 |
| 001 |
42089 |
| 003 |
BD-DhAAL |
| 008 |
240116t2005 bg ||||| |||| 00| 0 ben d |
| 020 |
|
|
|a 9848557210
|
| 040 |
|
|
|a BD-DhAAL
|c BD-DhAAL
|
| 041 |
|
|
|a ben
|
| 082 |
|
|
|a 891.44372
|2 23
|
| 100 |
|
|
|a শেলী, মীজানূর রহমান,
|d ১৯৪৩-
|9 55951
|
| 245 |
|
|
|a স্বনির্বাচিত গল্প /
|c মীজানূর রহমান শেলী.
|
| 246 |
|
|
|a Swanirbachito galpa
|
| 264 |
|
|
|a ঢাকা :
|b সূচীপত্র,
|c ২০০৫.
|
| 300 |
|
|
|a ১৬৭ পৃষ্ঠা ;
|c ২৩ সে.মি.
|
| 541 |
|
|
|a Donated By Rebecca Dipa Khan
|e 42089
|
| 650 |
|
|
|a Bengali fiction.
|
| 650 |
|
|
|a Bengali literature.
|9 55952
|
| 852 |
|
|
|a Ayesha Abed Library
|c General Stacks
|
| 942 |
|
|
|2 ddc
|c BK
|
| 999 |
|
|
|c 46305
|d 46305
|
| 952 |
|
|
|0 0
|1 0
|2 ddc
|4 0
|6 891_443720000000000_SHE
|7 0
|9 74960
|a BRACUL
|b BRACUL
|c GEN
|d 2024-01-16
|e Donated By Rebecca Dipa Khan
|g 150.00
|l 1
|o 891.44372 SHE
|p 3010042089
|r 2025-10-12
|s 2025-10-08
|t 1
|w 2024-01-16
|y BK
|